[This time is different]
Recenzia na knihu s názvom "Tentokrát bude všetko inak". Pojednáva o finančnej kríze s novým charakterizujúcim prívlastkom globálna.
Na minha lista:
| Autor principal: | |
|---|---|
| Formato: | Capítulo de Livro |
| Idioma: | eslovaco |
| Assuntos: | |
| Tags: |
Sem tags, seja o primeiro a adicionar uma tag!
|
MARC
| LEADER | 00000naa a2200000 4500 | ||
|---|---|---|---|
| 001 | 0142145 | ||
| 005 | 20140819084041.9 | ||
| 041 | 0 | |a slo | |
| 044 | |a SK | ||
| 245 | 1 | 0 | |a [This time is different] |c Kajetana Hontyová |
| 520 | |a Recenzia na knihu s názvom "Tentokrát bude všetko inak". Pojednáva o finančnej kríze s novým charakterizujúcim prívlastkom globálna. | ||
| 610 | 2 | 0 | |a kríza hospodárska |
| 610 | 2 | 0 | |a recenzie |
| 610 | 2 | 0 | |a trh finančný |
| 610 | 2 | 0 | |a inflácia |
| 100 | 1 | |a Hontyová, Kajetána | |